000 00945nam0a22002891 4500
001 rc\4355408
005 20250612055759.0
021 _aRU
_b[66-13411]
035 _a(NLR Aleph) 008531600
090 _a8291156
_c8291156
100 _a20130416d1965 |||y0rusy50 ca
101 0 _arus
102 _aRU
105 _ag z |||||
200 1 _aХоровая культура Чувашии
210 _aЧебоксары
_cЧувашкнигоиздат
_d1965
215 _a88 с.
_cнот.
_d20
320 _aБиблиогр.: с. 85-87 (39 назв.)
606 _aХоровая музыка, чувашская
_2psbo
608 _aПесня чувашская
_2psbo
700 1 _7ca
_8rus
_aЖирнова
_bЛ. В.
_f1936-2012
_gЛюдмила Васильевна
_9239068
_3RU\NLR\AUTH\770239124
801 0 _aRU
_bNLR
_gpsbo
801 1 _aRU
_bELAR
_2rusmarc
852 _aNLR
_j66-4/3164
942 _cBOOK
980 _aNB